<?xml version="1.0" encoding="UTF-8"?>
<collection xmlns="http://www.loc.gov/MARC21/slim">
 <record>
  <leader>00882nam a2200205 a 4500</leader>
  <controlfield tag="001">1/54497</controlfield>
  <controlfield tag="008">211130s1976    fr            100 | fre d</controlfield>
  <datafield tag="020" ind1=" " ind2=" ">
   <subfield code="a">2233000242</subfield>
  </datafield>
  <datafield tag="040" ind1=" " ind2=" ">
   <subfield code="a">GR-PeUP</subfield>
  </datafield>
  <datafield tag="082" ind1="0" ind2="0">
   <subfield code="a">333.7 SOC</subfield>
  </datafield>
  <datafield tag="110" ind1="2" ind2="0">
   <subfield code="a">Société française pour le droit international.</subfield>
  </datafield>
  <datafield tag="245" ind1="1" ind2="0">
   <subfield code="a">Colloque de Caen :</subfield>
   <subfield code="b">la crise de l'énergie et le droit international /</subfield>
   <subfield code="c">Société française pour le droit international.</subfield>
  </datafield>
  <datafield tag="260" ind1=" " ind2=" ">
   <subfield code="a">Paris :</subfield>
   <subfield code="b">Editions A. Pedone,</subfield>
   <subfield code="c">1976.</subfield>
  </datafield>
  <datafield tag="300" ind1=" " ind2=" ">
   <subfield code="a">307 σ. ;</subfield>
   <subfield code="c">24 εκ.</subfield>
  </datafield>
  <datafield tag="650" ind1=" " ind2="0">
   <subfield code="a">Petroleum industry and trade.</subfield>
  </datafield>
  <datafield tag="650" ind1=" " ind2="0">
   <subfield code="a">Energy policy</subfield>
   <subfield code="x">International cooperation.</subfield>
  </datafield>
  <datafield tag="650" ind1=" " ind2="4">
   <subfield code="a">Ενεργειακή πολιτική</subfield>
   <subfield code="x">Διεθνής συνεργασία.</subfield>
  </datafield>
  <datafield tag="650" ind1=" " ind2="4">
   <subfield code="a">Πετρέλαιο</subfield>
   <subfield code="x">Βιομηχανία και εμπόριο.</subfield>
  </datafield>
  <datafield tag="852" ind1=" " ind2=" ">
   <subfield code="a">INST</subfield>
   <subfield code="b">UNIPILB</subfield>
   <subfield code="c">MAIN</subfield>
   <subfield code="e">20211130</subfield>
   <subfield code="h">333.7 SOC</subfield>
   <subfield code="p">00186357</subfield>
   <subfield code="q">00186357</subfield>
   <subfield code="t">LOAN</subfield>
   <subfield code="y">0</subfield>
   <subfield code="4">1</subfield>
  </datafield>
  <datafield tag="960" ind1=" " ind2=" ">
   <subfield code="a">ΜΑΡΙΑ ΒΕΛ</subfield>
  </datafield>
 </record>
</collection>
